Ciencia, valores y política en los clásicos de la Sociología /
En este artículo, la autora examina la relación entre la ciencia, los valores y la política en las obras clásicas de la sociología. Se aborda cómo los fundadores de la disciplina, como Marx, Durkheim y Weber, abordaron la cuestión de la objetividad científica y la influencia de sus propias perspecti...
Salvato in:
| Autore principale: | |
|---|---|
| Natura: | Libro |
| Lingua: | Spanish |
| Soggetti: | |
| Accesso online: | texto completo desde el sitio de la revista |
| Tags: |
Aggiungi Tag
Nessun Tag, puoi essere il primo ad aggiungerne!!
|
MARC
| LEADER | 00000nam a22000007a 4500 | ||
|---|---|---|---|
| 003 | cru CIDCACS/IIS | ||
| 005 | 20230901225333.0 | ||
| 008 | 191108t2019 cr |||||r||||||0| ||spa|d | ||
| 040 | |c cru CIDCACS/IIS | ||
| 100 | 1 | |a Duek, Celia |9 8782 | |
| 245 | 1 | |a Ciencia, valores y política en los clásicos de la Sociología / |c Celia Duek | |
| 300 | |a páginas 179-188 | ||
| 520 | |a En este artículo, la autora examina la relación entre la ciencia, los valores y la política en las obras clásicas de la sociología. Se aborda cómo los fundadores de la disciplina, como Marx, Durkheim y Weber, abordaron la cuestión de la objetividad científica y la influencia de sus propias perspectivas ideológicas en su trabajo. Se analiza cómo estos sociólogos plantearon preguntas fundamentales sobre la sociedad, la economía, la religión y la política, y cómo sus respuestas reflejaron sus valores personales y sus contextos históricos. La autora examina críticamente cómo la sociología clásica estableció las bases para la interacción entre la investigación social, los puntos de vista subjetivos y las decisiones políticas. En última instancia, se reflexiona sobre cómo las ideas y enfoques de los clásicos de la sociología siguen siendo relevantes en el análisis contemporáneo de la relación entre ciencia, valores y política.RAR 11/2022 | ||
| 650 | 0 | |2 OCDE |9 2081 |a SOCIOLOGIA | |
| 650 | 0 | |2 UNESCO |9 75 |a CIENCIAS SOCIALES | |
| 650 | 0 | |2 UNESCO |9 1428 |a IDEOLOGIAS | |
| 650 | 0 | |2 OCDE |9 3691 |a POLITICA | |
| 650 | 0 | |2 OCDE |9 4171 |a TEORIA SOCIOLOGICA | |
| 650 | 0 | |2 OCDE |9 289 |a POLITICA SOCIAL | |
| 773 | 0 | |0 18728 |9 3186 |a Universidad de Costa Rica. |d San José, Costa Rica Editorial UCR 1959- |o 19083 |t Revista de Ciencias Sociales/ |x 04825276 | |
| 856 | |u https://revistas.ucr.ac.cr/index.php/sociales/article/view/37454/38253 |y texto completo desde el sitio de la revista | ||
| 942 | |2 ddc |c PP | ||
| 999 | |c 42590 |d 42590 | ||
